Statistics for 6 Random Countries on the World Map in 15 Seconds

Click here to take the quiz!

General Stats

  • This quiz has been taken 272 times
  • The average score is 5 of 6

Answers on the Map

Answers color-coded by a green-red scale on the quiz's map according to % correct below.
 

Answer Stats

country% Correct
Argentina
100%
Belarus
100%
Benin
100%
Bosnia and
Herzegovina
100%
Cabo Verde
100%
Cambodia
100%
China
100%
Comoros
100%
Croatia
100%
Czechia
100%
Democratic Republic
of the Congo
100%
Egypt
100%
France
100%
Gambia
100%
Germany
100%
Greece
100%
Grenada
100%
Guatemala
100%
Guyana
100%
Honduras
100%
India
100%
Israel
100%
Italy
100%
Japan
100%
Jordan
100%
Kenya
100%
Libya
100%
Lithuania
100%
Luxembourg
100%
Mauritania
100%
Monaco
100%
Montenegro
100%
Namibia
100%
Nepal
100%
Netherlands
100%
North Korea
100%
North Macedonia
100%
Oman
100%
Pakistan
100%
Panama
100%
Philippines
100%
Portugal
100%
Qatar
100%
Romania
100%
Russia
100%
Saint Kitts and Nevis
100%
Saudi Arabia
100%
Serbia
100%
Sierra Leone
100%
Slovenia
100%
Spain
100%
Sri Lanka
100%
Sweden
100%
Switzerland
100%
Tanzania
100%
Tonga
100%
Turkey
100%
United Arab Emirates
100%
United Kingdom
100%
Uruguay
100%
Venezuela
100%
Vietnam
100%
Congo
67%
Mongolia
67%
Afghanistan
50%
Botswana
50%
Burkina Faso
50%
Eritrea
50%
Liberia
50%
Niger
50%
Papua New Guinea
50%
Syria
50%
Uzbekistan
50%
Zambia
50%
Nicaragua
33%
Albania
0%
Algeria
0%
Andorra
0%
Angola
0%
Antigua and Barbuda
0%
Armenia
0%
Australia
0%
Austria
0%
Azerbaijan
0%
Bahamas
0%
Bahrain
0%
Bangladesh
0%
Barbados
0%
Belgium
0%
Belize
0%
Bhutan
0%
Bolivia
0%
Brazil
0%
Brunei
0%
Bulgaria
0%
Burundi
0%
Cameroon
0%
Canada
0%
Central African Republic
0%
Chad
0%
Chile
0%
Colombia
0%
Costa Rica
0%
Côte d'Ivoire
0%
Cuba
0%
Cyprus
0%
Denmark
0%
Djibouti
0%
Dominica
0%
Dominican Republic
0%
Ecuador
0%
El Salvador
0%
Equatorial Guinea
0%
Estonia
0%
Eswatini
0%
Ethiopia
0%
Fiji
0%
Finland
0%
Gabon
0%
Georgia
0%
Ghana
0%
Guinea
0%
Guinea-Bissau
0%
Haiti
0%
Hungary
0%
Iceland
0%
Indonesia
0%
Iran
0%
Iraq
0%
Ireland
0%
Jamaica
0%
Kazakhstan
0%
Kiribati
0%
Kosovo
0%
Kuwait
0%
Kyrgyzstan
0%
Laos
0%
Latvia
0%
Lebanon
0%
Lesotho
0%
Liechtenstein
0%
Madagascar
0%
Malawi
0%
Malaysia
0%
Maldives
0%
Mali
0%
Malta
0%
Marshall Islands
0%
Mauritius
0%
Mexico
0%
Micronesia
0%
Moldova
0%
Morocco
0%
Mozambique
0%
Myanmar
0%
Nauru
0%
New Zealand
0%
Nigeria
0%
Norway
0%
Palau
0%
Paraguay
0%
Peru
0%
Poland
0%
Rwanda
0%
Saint Lucia
0%
Saint Vincent and the
Grenadines
0%
Samoa
0%
San Marino
0%
São Tomé and Príncipe
0%
Senegal
0%
Seychelles
0%
Singapore
0%
Slovakia
0%
Solomon Islands
0%
Somalia
0%
South Africa
0%
South Korea
0%
South Sudan
0%
Sudan
0%
Suriname
0%
Taiwan
0%
Tajikistan
0%
Thailand
0%
Timor-Leste
0%
Togo
0%
Trinidad and Tobago
0%
Tunisia
0%
Turkmenistan
0%
Tuvalu
0%
Uganda
0%
Ukraine
0%
United States
0%
Vanuatu
0%
Vatican City
0%
Yemen
0%
Zimbabwe
0%

Score Distribution

Percentile by Number Answered

Percent of People with Each Score

Your Score History

You have not taken this quiz